English Cities by Three Areas — Click Quiz #1 - Statistics

General Stats
  • This quiz has been taken 722 times
  • The average score is 5 of 12
Answer Stats
Hint Answer % Correct
Aston, Digbeth, Moseley Birmingham
76%
Kensington, Knotty Ash, Toxteth Liverpool
70%
Chapeltown, Headingley, Roundhay Leeds
68%
Ashbrooke, Monkwearmouth, Roker Sunderland
57%
Fishponds, Spike Island, Totterdown Bristol
40%
Headington, Jericho, Summertown Oxford
35%
The Meadows, St Ann's, Wollaton Nottingham
31%
The Barbican, Mannamead, Pennycomequick Plymouth
30%
Greenstead, The Hythe, Lexden Colchester
26%
Greengate, Kersal, Ordsall Salford
26%
Dogsthorpe, Fletton, Netherton Peterborough
22%
Bransholme, Drypool, Southcoates Kingston-upon-Hull
21%
No matching quizzes found
Score Distribution
Percent of People with Each Score
Percentile by Number Answered
Your Score History
You have not taken this quiz